000 00286nam a2200133Ia 4500
008 090124s9999 xx 000 0 und d
082 _b200773
245 _aOUR POET
250 _a0
260 _bMAJUMDAR LILA
_c1973
630 _aOUR POET
730 _aOUR POET
942 _cBOOK
999 _c182341
_d182341